Cuentas sociales y sistema regional Argentino (Registro nro. 5335)
[ vista simple ]
| 000 -LEADER | |
|---|---|
| fixed length control field | 00942 a2200193 4500 |
| 001 - CONTROL NUMBER | |
| control field | 54067 |
| 005 - DATE AND TIME OF LATEST TRANSACTION | |
| control field | 20260407155811.0 |
| 008 - FIXED-LENGTH DATA ELEMENTS--GENERAL INFORMATION | |
| fixed length control field | 260407a arg spa d |
| 003 - CONTROL NUMBER IDENTIFIER | |
| control field | AR-UNSa-BCEJYS |
| 040 ## - CATALOGING SOURCE | |
| Original cataloging agency | AR-UNSa-BCEJYS |
| Language of cataloging | spa |
| Transcribing agency | AR-UNSa-BCEJYS |
| 080 ## - UNIVERSAL DECIMAL CLASSIFICATION NUMBER | |
| Universal Decimal Classification number | 332.1 |
| Common auxiliary subdivision | Economía regional. Economía territorial |
| 041 ## - LANGUAGE CODE | |
| Language code of text/sound track or separate title | spa |
| 100 1# - MAIN ENTRY--PERSONAL NAME | |
| Personal name | Rofman, Alejandro B. |
| 245 10 - TITLE STATEMENT | |
| Title | Cuentas sociales y sistema regional Argentino |
| Name of part/section of a work | técnicas y aplicaciones |
| 264 #1 - PRODUCTION, PUBLICATION, DISTRIBUTION, MANUFACTURE, AND COPYRIGHT NOTICE | |
| Place of production, publication, distribution, manufacture | Buenos Aires : |
| Name of producer, publisher, distributor, manufacturer | El Coloquio |
| 505 ## - FORMATTED CONTENTS NOTE | |
| Formatted contents note | 1. Las cuentas sociales y su aplicación en el ámbito regional – 2. Producto, ingreso y gasto regional definiciones y métodos de relevamiento – 3. Multiplicadores regionales – 4. Insumo producto regional e interregional – 5. Balances regionales comerciales y de pagos, matrices de migraciones humanas – 6. Índices de concentración y dispersión geográfica. |
| 590 ## - LOCAL NOTE (RLIN) | |
| Local note | niveau_biblio:m niveau_hierar:0 |
| 942 ## - ADDED ENTRY ELEMENTS (KOHA) | |
| Koha item type | |
| Withdrawn status | Lost status | Damaged status | Not for loan | Home library | Current library | Shelving location | Date acquired | Total checkouts | Full call number | Barcode | Date last seen | Price effective from | Koha item type |
|---|---|---|---|---|---|---|---|---|---|---|---|---|---|
| Biblioteca Prof. Eusebio Cleto del Rey | Biblioteca Prof. Eusebio Cleto del Rey | 07/04/2026 | 332.1 R628 | L12584 | 07/04/2026 | 07/04/2026 | Libro | ||||||
| Biblioteca Prof. Eusebio Cleto del Rey | Biblioteca Prof. Eusebio Cleto del Rey | 07/04/2026 | 332.1 R628 | L12585 | 07/04/2026 | 07/04/2026 | Libro |